000 00652nam a2200229Ia 4500
003 OSt
005 20220928144602.0
006 a|||||r|||| 00| 0
007 ta
008 220927b |||||||| |||| 00| 0 eng d
024 _a72243
037 _cTextual
040 _aSDCL
_cSDCL
_beng
041 _2eng
_aeng
082 _aK:423f, L3
100 _aDalton Albert J Ed.
_9508544
245 0 _aUltrastructure of animal viruses and bacteriophages
_b An atlas.
260 _c1973
700 _a Haguenau Francoise Ed.
_9508545
942 _hK:423f, L3
_cTEXL
_2CC
999 _c828299
_d828299